General Knowledge #1 - Statistics

General Stats
  • This quiz has been taken 904 times
    901 since last reset
  • The average score is 11 of 20
Answer Stats
Answer % Correct
Pharohs were leaders of what country? Egypt
90%
what is the name of Japan's currency? Yen
84%
What is the fastest land animal? Cheetah
83%
A pride is a group of what animal? Lion
80%
What city is known for gondolas? Venice, Italy
80%
What country is the land if the rising sun? Japan
76%
What is the main ingrediant in hummus? Chick pea
75%
What is the largest Caribean island? Cuba
74%
What kind of fish was nemo? Clown fish
73%
Romaine and butterhead are types of what? Lettuce
72%
What is the only country that starts with "O"? Oman
72%
What is the capital of Canada? Ottawa
64%
What is the opposite of starboard? Port
60%
What is cheese in french? Fromage
58%
What is the dog breed comonly found in fire stations? Dalmation
40%
Who wrote the series of unfortunate events? Lemony Snicket
28%
Who invented Basketball? James Naismith
10%
What is the smallest type of animal? Bee Hummingbird
9%
Who is the cake boss? Buddy Valastro
5%
What does the sandman bring to children? Good Dreams
0%
No matching quizzes found
Score Distribution
Percent of People with Each Score
Percentile by Number Answered
Your Score History
You have not taken this quiz since the last reset